000 00862nam a2200253 i 4500
001 18789
003 ES-MaACL
005 20230906151925.0
007 t|
008 020201s1998 sp ||||0| spa j
020 _a84-7173-327-7
040 _aM-BN
_bspa
_cM-BN
080 _a929.52 Baroja (063)
245 0 4 _aLos Baroja
_b: memoria y lección.
260 _a[San Sebastián] :
_bKutxa Fundazioa = Fundación Kutxa,
_c[1998]
300 _a240 p :
_bil. col. y n ;
_c30 cm.
490 1 _aColección "Hombres del país" ;
_v14
500 _a"Cursos de Verano, Universidad del País Vasco, Donostia, 26-29-VIII-1996"
600 1 4 _aBaroja (Familia)-
_vCongresos y asambleas.
_925761
710 2 _aFundación Kutxa.
_94354
830 0 _aColección "Hombres del país" ;
_v14
_9228830
852 _aES-MaACL
_jL-25275
_bR.130442
999 _c18789
_d18789